000 00899nam a2200253Ia 4500
003 OSt
005 20221005112213.0
006 a|||||r|||| 00| 0
007 ta
008 221004b |||||||| |||| 00| 0 pan d
020 _a9788171435821 (hbk)
_c240
024 _a17400
037 _b925, 21/03/2015, H.K. Prakashan
_cTextual
040 _aCRL
_cCRL
_bpan
041 _2pan
_apan
082 _aP153:3, Q2
100 _aਸਿੱਧੂ, ਪਰਮਜੀਤ ਸਿੰਘ
245 0 _aFਬਦ
_b ਸੰਕਲਪ ਅਤੇ ਸਰੂਪ
260 _aਅੰਮ੍ਰਿਤਸਰ
_bਰਵੀ ਸਾਹਿਤ ਪ੍ਰਕਾFਨ ਭਾਰਤ
_c2012
300 _a216ਪੰ
_ccm.
650 _aਪੰਜਾਬੀ ਸਾਹਿਤ
942 _hP153:3, Q2
_cTEXL
_2cc
999 _c1024175
_d1024175